| Поле | Инд. | ПП | Название | Значение |
|---|---|---|---|---|
| Тип записи | a | |||
| Библиографический уровень | m | |||
| 001 | _ | Контрольный номер | RU/ЭБС IPR BOOKS/83816 | |
| 005 | Дата корректировки | 20250915131019.7 | ||
| 008 | Кодируемые данные | 211122s2019 RU y f j 000 1 rus u | ||
| 020 | a | ISBN | 978-5-4486-0739-4 | |
| 040 | c | Служба, преобразующая запись | ЭБС IPR BOOKS | |
| 041 | a | Код языка текста | rus | |
| 044 | a | Код страны публикации | RU | |
| 080 | a | Индекс УДК | 517.5 | |
| 084 | 2 | Источник индекса | rubbk | |
| a | Индекс другой классификации/Индекс ББК | 22.1 | ||
| 100 | 1_ | a | Автор | Каибханов, К. Э. |
| 4 | Код отношения | 070 | ||
| 245 | a | Заглавие | Теория функций комплексного переменного | |
| b | Продолж. заглавия | учебное пособие | ||
| c | Ответственность | К. Э. Каибханов, В. В. Ершов, Е. В. Тетруашвили | ||
| 250 | g | Весь срок охраны авторского права | ||
| a | Основные сведения об издании | Теория функций комплексного переменного | ||
| 256 | a | Характеристики компьютерного файла | Электрон. дан. (1 файл) | |
| 260 | a | Место издания | Саратов | |
| b | Издательство | Ай Пи Эр Медиа | ||
| c | Дата издания | 2019 | ||
| 300 | a | Объем | 123 с. | |
| 500 | a | Примечание | Книга находится в премиум-версии ЭБС IPR BOOKS. | |
| 516 | a | Прим. о типе комп. файла/ данных | Текст | |
| 520 | a | Аннотация | Учебное пособие охватывает традиционный курс теории функций комплексного переменного (ТФКП). Приведен материал, содержащий лекции по ТФКП, доказательства утверждений, снабженные достаточным числом типовых задач с подробными решениями. Также представлено в сжатой форме без доказательств операционное исчисление и примеры, поясняющие материал. Кроме того, пособие содержит типовые задачи по всем разделам (30 вариантов), которые могут использоваться для подготовки к контрольным мероприятиям и для выполнения индивидуальных самостоятельных работ. Учебное пособие подготовлено в соответствии с требованиями Федерального государственного образовательного стандарта высшего образования. Пособие может использоваться для дистанционного изучения ТФКП и ее приложений и предназначено для студентов младших курсов инженерно-технических специальностей, изучающих дисциплину «Теория функций комплексного переменного». | |
| 521 | a | Примеч. о целев. назн. | Весь срок охраны авторского права | |
| 538 | a | Прим. о системных особенностях | электронный | |
| 653 | a | Ключевые слова | теория функций | |
| 653 | a | Ключевые слова | комплексные переменные | |
| 653 | a | Ключевые слова | комплексное число | |
| 653 | a | Ключевые слова | степенной ряд | |
| 653 | a | Ключевые слова | формула Коши | |
| 653 | a | Ключевые слова | операционное исчисление | |
| 700 | 1_ | a | Другие авторы | Ершов, В. В. |
| 4 | Код отношения | 070 | ||
| 700 | 1_ | a | Другие авторы | Тетруашвили, Е. В. |
| 4 | Код отношения | 070 | ||
| 856 | 4_ | u | URL | http://www.iprbookshop.ru/83816.html |
| z | Примечание для пользователя | Участвует в КО |